| 000 | 01049nam a22003257a 4500 | ||
|---|---|---|---|
| 003 | CHAP | ||
| 005 | 20220817041912.0 | ||
| 008 | 971013s r 00010 d | ||
| 010 | _a28216 | ||
| 011 | _a29188 | ||
| 035 | _a33299 | ||
| 040 | _cCHAP | ||
| 090 | _aFolleto 81 | ||
| 110 | _aConsejo Nacional de Ciencia y Tecnología. México | ||
| 245 | _aLey del Consejo... y exposición de motivos | ||
| 260 |
_aMéxico, D. F. : _bCONACYT, _c(s.a.) |
||
| 300 | _a16 p. | ||
| 590 |
_aBATCH-UPD _b10 _c20130110 _lUCH01 _h1208 |
||
| 590 |
_aBATCH-UPD _b10 _c20130410 _lUCH01 _h0748 |
||
| 590 |
_aBATCH-UPD _b10 _c20130914 _lUCH01 _h0933 |
||
| 590 |
_aCONVERSION _b10 _c20130109 _lUCH01 _h1316 |
||
| 650 | 1 | 4 |
_aCiencia y Estado _xMéxico. _923151 |
| 650 | 1 | 4 |
_aInstituciones científicas. _958974 |
| 650 | 1 | 4 |
_aTecnología. _9111937 |
| 901 | _aBK | ||
| 942 | _cFOLL | ||
| 949 |
_aFolleto 81 _bBC _cFOLL _d-77444 _eTS1 _i33299 _si |
||
| 949 |
_aFolleto 81 _bBC _cFOLL _d-77445 _eTS2 _fc.2 _i33299 _si |
||
| 949 |
_aFolleto 81 _bBC _cFOLL _d-77446 _eTS2 _fc.3 _i33299 _si |
||
| 999 |
_c28216 _d28216 |
||